[Event "Just a big, fast round robin"]
[Site "SchemingMind.com"]
[Date "2008.12.11"]
[Round "-"]
[White "drunkenmaster"]
[Black "lacus66"]
[Result "1-0"]
[WhiteCountry "PHI"]
[BlackCountry "HUN"]
[WhiteElo "1958"]
[WhiteRD "72"]
[BlackElo "1688"]
[BlackRD "70"]
[GameID "182903"]

1. e4 e6 2. d4 d5 3. Nd2 c5 4. exd5 exd5 5. Bb5+ Bd7 6. Qe2+ Qe7 7. Qxe7+ Bxe7 8. Bxd7+ Nxd7 9. dxc5 Bxc5 10. Ngf3 Ngf6
11. Nb3 Rc8 12. Nxc5 Rxc5 13. c3 O-O 14. Be3 Rc7 15. O-O-O Rd8 16. Rhe1 b6 17. Bg5 h6 18. Bh4 Nf8 19. Bxf6 gxf6 20. Nd4 a6
21. Rd3 Ng6 22. h3 Nf4 23. Rg3+ Kf8 24. Kd2 Re8 25. Rxe8+ Kxe8 26. Rg4 Ng6 27. Nf5 h5 28. Ng7+ Kf8 29. Nxh5 f5 30. Rd4 Rd7
31. Nf4 Nxf4 32. Rxf4 Kg7 33. Rxf5 Kg6 34. Rf4 f5 35. Rd4 b5 36. g4 Kg5 37. gxf5 Kxf5 38. a4 Ke5 39. axb5 axb5 40. h4 Rf7
41. Ke3 Rf5 42. Rb4 Rh5 43. Kf3 Kf5 44. Rxb5 Rxh4 45. Rxd5+ Ke6 46. Rd3 Ke5 47. b4 Rf4+ 48. Ke2 Rc4 49. Kd2
1-0

[Event "Just a big, fast round robin"]
[Site "SchemingMind.com"]
[Date "2008.12.12"]
[Round "-"]
[White "acbrasileiro"]
[Black "lacus66"]
[Result "1-0"]
[WhiteCountry "BRA"]
[BlackCountry "HUN"]
[WhiteElo "1922"]
[WhiteRD "77"]
[BlackElo "1635"]
[BlackRD "71"]
[GameID "182904"]

1. d4 g6 2. Nf3 Nf6 3. e3 Bg7 4. c4 O-O 5. b4 b6 6. Be2 Bb7 7. O-O d5 8. Nc3 e6 9. Rb1 a5 10. bxa5 Rxa5
11. Bd2 Ne4 12. Rb2 c5 13. cxd5 exd5 14. Na4 Nxd2 15. Rxd2 c4 16. Rb2 Nd7 17. Nc3 Bc6 18. Qb1 Qb8 19. Bd1 Nf6 20. Rxb6 Qc7
21. Ne5 Bd7 22. Rb7 Qc8 23. Nxd7 Nxd7 24. Qb4 Ra8 25. Bf3 Rb8 26. Bxd5 Rxb7 27. Qxb7 Qxb7 28. Bxb7 Rb8 29. Bd5 Nb6 30. Rb1 Nd7
31. Rxb8+ Nxb8 32. Bxc4 Nc6 33. Kf1 Kf8 34. Ke2 f5 35. Nd5 Ne7 36. Nxe7 Kxe7 37. a4 Kd8 38. Bg8 h6 39. Bh7 g5 40. Bxf5
1-0

[Event "Just a big, fast round robin"]
[Site "SchemingMind.com"]
[Date "2008.12.14"]
[Round "-"]
[White "staunton64"]
[Black "Orhany24"]
[Result "1/2-1/2"]
[WhiteCountry "FRA"]
[BlackCountry "TUR"]
[WhiteElo "1696"]
[WhiteRD "71"]
[BlackElo "1766"]
[BlackRD "74"]
[GameID "183050"]

1. d4 d5 2. g3 g6 3. Bg2 Bg7 4. Nf3 Nf6 5. O-O O-O 6. b3 c6 7. Bb2 Bf5 8. Nbd2 Nbd7 9. c4 Ne4 10. Nxe4 Bxe4
11. cxd5 cxd5 12. Nd2 Bxg2 13. Kxg2 Qc7 14. Rc1 Qd6 15. Re1 e5 16. dxe5 Nxe5 17. Bxe5 Qxe5 18. e3 Rac8 19. Nf3 Qe4 20. Kg1 Rfd8
21. Nd4 a6 22. f3 Qe7 23. Kg2 Qb4 24. Re2 Rxc1 25. Qxc1 Bxd4 26. exd4 Qxd4 27. Qc7 Qf6 28. Qxb7 d4 29. Qe4 Qd6 30. Rd2 Qb4
31. Qd3 a5 32. f4 a4 33. bxa4 Qxa4 34. Kf3 Qc6+ 35. Qe4 Qc3+ 36. Qd3 Qc5 37. Rc2 Qd5+ 38. Qe4 Qd6 39. Qd3 Qd5+ 40. Qe4 Qd6
41. Qd3=
1/2-1/2

[Event "Just a big, fast round robin"]
[Site "SchemingMind.com"]
[Date "2008.12.13"]
[Round "-"]
[White "staunton64"]
[Black "lacus66"]
[Result "1-0"]
[WhiteCountry "FRA"]
[BlackCountry "HUN"]
[WhiteElo "1698"]
[WhiteRD "75"]
[BlackElo "1688"]
[BlackRD "70"]
[GameID "183051"]

1. c4 Nf6 2. Nc3 g6 3. g3 Bg7 4. Bg2 O-O 5. Nf3 d6 6. O-O Nc6 7. e3 Bg4 8. h3 Bf5 9. d4 e5 10. d5 Ne7
11. Nh4 Bd7 12. f4 Nh5 13. Kh2 exf4 14. exf4 Re8 15. g4 Nf6 16. Bf3 h6 17. Ng2 c6 18. Rb1 c5 19. Ne3 a6 20. Rg1 Nh7
21. Ne4 Bc8 22. Ng3 f5 23. gxf5 Nxf5 24. Nexf5 Bxf5 25. Nxf5 gxf5 26. Rg6 Nf8 27. Rg3 Qf6 28. Qg1 Re7 29. Bd2 Rf7 30. Bc3 Qe7
31. Bh5
1-0

[Event "Just a big, fast round robin"]
[Site "SchemingMind.com"]
[Date "2008.12.15"]
[Round "-"]
[White "staunton64"]
[Black "Negrito19"]
[Result "1-0"]
[WhiteCountry "FRA"]
[BlackCountry "ARG"]
[WhiteElo "1698"]
[WhiteRD "75"]
[BlackElo "1612"]
[BlackRD "58"]
[GameID "183052"]

1. d4 d5 2. Nf3 Nc6 3. e3 Bg4 4. h3 Bh5 5. Nbd2 e6 6. Be2 Nf6 7. g4 Bg6 8. Nh4 Be4 9. Nxe4 Nxe4 10. Nf3 a6
11. c4 dxc4 12. Bxc4 h6 13. Qc2 Nf6 14. Bd2 Bd6 15. O-O-O O-O 16. g5 hxg5 17. Nxg5 b5 18. Be2 g6 19. h4 Nh7 20. Rdg1 Be7
21. Qxc6 Bxg5 22. hxg5 Nxg5 23. e4 Nh7 24. Bc3 b4 25. Rxh7 Kxh7 26. Rh1+ Kg7 27. Bxb4 Qg5+ 28. Bd2 Rh8 29. Bxg5 Rxh1+ 30. Kc2 Rah8
31. e5 R8h2 32. Bf6+ Kh7 33. Qe8 g5 34. Qh8+ Kg6 35. Bd3#
1-0

[Event "Just a big, fast round robin"]
[Site "SchemingMind.com"]
[Date "2008.12.15"]
[Round "-"]
[White "staunton64"]
[Black "chessleon"]
[Result "1-0"]
[WhiteCountry "FRA"]
[BlackCountry "NED"]
[WhiteElo "1696"]
[WhiteRD "71"]
[BlackElo "1637"]
[BlackRD "72"]
[GameID "183053"]

1. d4 Nf6 2. Bg5 Ne4 3. h4 d5 4. c4 c6 5. Nf3 Bg4 6. Ne5 Bf5 7. g4 Bd7 8. Nxd7 Nxd7 9. cxd5 cxd5 10. Nc3 Nxc3
11. bxc3 f6 12. Bd2 e5 13. e3 e4 14. Bb5 a6 15. Ba4 b5 16. Bb3 Nb6 17. g5 fxg5 18. Qh5+ g6 19. Qxg5 Be7 20. Qe5 Rf8
21. O-O-O Nc4 22. Bxc4 bxc4 23. Rdf1 Qa5 24. Kd1 Qxa2 25. Qxd5 Qb1+ 26. Ke2 Qd3+ 27. Kd1 Qb1+= 28. Bc1 Qd3+ 29. Ke1 Qxc3+ 30. Bd2 Qb3
31. Qxa8+ Kf7 32. Qxe4 c3 33. Bxc3 Qxc3+ 34. Ke2 Qb2+ 35. Kf3 Kg7+ 36. Kg4 Qe2+ 37. Kh3 h5 38. Qxe7+ Rf7 39. Qe5+ Kh6 40. Qg5+ Kh7
41. Rhg1 Rf3+ 42. Kh2 Rxf2+ 43. Rg2 Rxg2+ 44. Qxg2 Qxe3 45. Rf7+ Kh8 46. Qa8+
1-0

[Event "Just a big, fast round robin"]
[Site "SchemingMind.com"]
[Date "2008.12.13"]
[Round "-"]
[White "staunton64"]
[Black "drunkenmaster"]
[Result "0-1"]
[WhiteCountry "FRA"]
[BlackCountry "PHI"]
[WhiteElo "1696"]
[WhiteRD "71"]
[BlackElo "1991"]
[BlackRD "72"]
[GameID "183054"]

1. c4 e6 2. Nc3 d5 3. cxd5 exd5 4. Nf3 c6 5. e3 Bd6 6. Be2 Nf6 7. O-O O-O 8. d4 Re8 9. Bd3 Bg4 10. Kh1 Nbd7
11. h3 Bh5 12. g4 Bg6 13. Bxg6 hxg6 14. Ng5 Nh7 15. Nxh7 Kxh7 16. f4 Qh4 17. Qf3 Nf6 18. Bd2 Ne4 19. Nxe4 Rxe4 20. Be1 Qe7
21. g5 Rxe3 22. Qg4 Qe4+ 23. Qg2 Rxh3+ 24. Kg1 Qxg2+ 25. Kxg2 Rh5 26. Bg3 f6 27. Rae1 fxg5 28. Re6 Bxf4 29. Bxf4 gxf4 30. Rxf4 Rf5
31. Rh4+ Kg8 32. Rxg6 Re8 33. Rhg4 Re7 34. Kg3 Kh7 35. Rd6 Rf1 36. Rh4+ Kg8 37. Rd8+ Kf7 38. Rf4+ Rxf4 39. Kxf4 Ke6 40. Kg5 Rd7
41. Rxd7 Kxd7 42. Kg6 Kd6 43. Kxg7 c5 44. dxc5+ Kxc5 45. Kf6 d4 46. Ke5 d3
0-1

[Event "Just a big, fast round robin"]
[Site "SchemingMind.com"]
[Date "2008.12.12"]
[Round "-"]
[White "staunton64"]
[Black "acbrasileiro"]
[Result "1/2-1/2"]
[WhiteCountry "FRA"]
[BlackCountry "BRA"]
[WhiteElo "1696"]
[WhiteRD "71"]
[BlackElo "1922"]
[BlackRD "77"]
[GameID "183055"]

1. c4 c5 2. Nc3 Nc6 3. g3 b6 4. Bg2 Bb7 5. e4 g6 6. Nge2 Bg7 7. O-O d6 8. d3 Nf6 9. a3 O-O 10. Rb1 e6
11. Bg5 Qd7 12. Qd2 Rfe8 13. Be3 Rad8 14. f4 Ng4 15. Kh1 Nxe3 16. Qxe3 Nd4 17. Qd2 Nxe2 18. Nxe2 d5 19. Qc2 dxe4 20. dxe4 Qd3
21. Qxd3 Rxd3 22. e5 Bxg2+ 23. Kxg2 Red8 24. Nc3 a6 25. Rfd1 Bf8 26. Rxd3 Rxd3 27. Rd1 Rxd1 28. Nxd1 f6 29. Kf3 Kf7 30. Ke4 Be7
31. Ne3 f5+ 32. Kd3 Ke8 33. h3 h5 34. Nc2 h4 35. gxh4 Bxh4 36. Ke3 Kd7 37. a4 Kc6 38. b3 Kd7=
1/2-1/2

[Event "Just a big, fast round robin"]
[Site "SchemingMind.com"]
[Date "2008.12.12"]
[Round "-"]
[White "Orhany24"]
[Black "staunton64"]
[Result "1-0"]
[WhiteCountry "TUR"]
[BlackCountry "FRA"]
[WhiteElo "1756"]
[WhiteRD "73"]
[BlackElo "1698"]
[BlackRD "75"]
[GameID "183056"]

1. e4 c5 2. Nf3 Nc6 3. d4 cxd4 4. Nxd4 Nf6 5. Nxc6 bxc6 6. e5 Nd5 7. c4 Nc7 8. Nc3 e6 9. Bd3 Be7 10. O-O d5
11. cxd5 cxd5 12. Nb5 O-O 13. Be3 Nxb5 14. Bxb5 a6 15. Bd3 Bb7 16. a3 Rc8 17. Qh5 g6 18. Qh6 Re8 19. g3 d4 20. Bd2 Qd5
21. f3 f6 22. Bxg6 hxg6 23. Qxg6+ Kh8 24. exf6 Bxf6 25. Qxf6+ Kg8 26. Bh6 Qd7 27. Rae1 d3 28. Re5 Qd4+ 29. Be3 Qd7 30. Rg5+ Kh7
31. Rh5+ Kg8 32. Rh8#
1-0

[Event "Just a big, fast round robin"]
[Site "SchemingMind.com"]
[Date "2008.12.12"]
[Round "-"]
[White "lacus66"]
[Black "staunton64"]
[Result "1-0"]
[WhiteCountry "HUN"]
[BlackCountry "FRA"]
[WhiteElo "1688"]
[WhiteRD "70"]
[BlackElo "1698"]
[BlackRD "75"]
[GameID "183057"]

1. d4 Nf6 2. c4 e6 3. Nc3 Bb4 4. e3 Ne4 5. Ne2 Qf6 6. f3 Qh4+ 7. g3 Nxc3 8. bxc3 Bxc3+ 9. Kf2 Qf6 10. Nxc3 O-O
11. Ba3 Re8 12. Bd3 Nc6 13. Nb5 Qd8 14. Kg2 a6 15. Nc3 Rb8 16. Qd2 d5 17. c5 b5 18. cxb6 cxb6 19. Rac1 Bb7 20. e4 dxe4
21. Bxe4 Nxd4 22. Bxb7 Rxb7 23. Rhd1 e5 24. f4 f6 25. fxe5 fxe5 26. Ne4 Rd7 27. Qe1 Qa8 28. Qe3 Nc2 29. Qb3+ Kh8 30. Qxc2 Rxd1
31. Rxd1 b5 32. Qe2 Qa7 33. Bc5 Qb7 34. Rd6 h6 35. Rb6 Qf7 36. Nd6 Qd5+ 37. Ne4 Rb8 38. Rxb8+
1-0

[Event "Just a big, fast round robin"]
[Site "SchemingMind.com"]
[Date "2008.12.12"]
[Round "-"]
[White "Negrito19"]
[Black "staunton64"]
[Result "1-0"]
[WhiteCountry "ARG"]
[BlackCountry "FRA"]
[WhiteElo "1640"]
[WhiteRD "63"]
[BlackElo "1696"]
[BlackRD "71"]
[GameID "183058"]

1. e4 c5 2. d4 cxd4 3. Qxd4 Nc6 4. Qd1 Nf6 5. Nc3 d6 6. Bg5 h6 7. Bxf6 gxf6 8. Nf3 Bg4 9. Be2 Qa5 10. O-O Rg8
11. g3 Bh3 12. Re1 O-O-O 13. a4 e5 14. Nd5 Ne7 15. b4 Qc7 16. Nxc7 Kxc7 17. Bf1 Bg4 18. Qd3 Kb8 19. c4 h5 20. h3 Be6
21. Rac1 f5 22. exf5 Nxf5 23. h4 Be7 24. Kh2 Rc8 25. Bh3 Ng7 26. Bxe6 Nxe6 27. a5 Rg4 28. Qf5 Rcg8 29. Qxf7 Nf4 30. gxf4 Rg2+
31. Kh3 R8g7 32. Qe8+ Kc7 33. Rg1 R2g4 34. Qxh5 Rxg1 35. Rxg1 Rxg1 36. Nxg1 e4 37. Qh7 Kd7 38. Qxe4 Kc7 39. Qxe7+ Kc6 40. Ne2 b6
41. Nd4#
1-0

[Event "Just a big, fast round robin"]
[Site "SchemingMind.com"]
[Date "2008.12.12"]
[Round "-"]
[White "chessleon"]
[Black "staunton64"]
[Result "1-0"]
[WhiteCountry "NED"]
[BlackCountry "FRA"]
[WhiteElo "1637"]
[WhiteRD "72"]
[BlackElo "1696"]
[BlackRD "71"]
[GameID "183059"]

1. c4 Nf6 2. g3 Nc6 3. Bg2 g6 4. d4 Bg7 5. Nf3 O-O 6. Nc3 e6 7. e4 d6 8. O-O Bd7 9. e5 dxe5 10. dxe5 Ng4
11. Bg5 f6 12. exf6 Nxf6 13. Ne4 Ne7 14. Nxf6+ Bxf6 15. Bxf6 Rxf6 16. Qd4 Nf5 17. Qe5 Nd6 18. c5 Nc4 19. Qc3 Bb5 20. Ng5 Rb8
21. Ne4 Rf7 22. b3 Ne5 23. Qxe5 Bxf1 24. Rxf1 Qe7 25. Bh3 Re8 26. f4 h6 27. Qc3 Rff8 28. Qc4 Kh7 29. g4 e5 30. f5 gxf5
31. gxf5 Qh4 32. Qd3 Rd8 33. Qe3 Rg8+ 34. Kh1 Rd4 35. f6 Kh8 36. f7 Rf8 37. Nf6 Rxf7 38. Qxe5 Rd8 39. Nh5+ Rf6 40. Qxf6+ Qxf6
41. Nxf6 Rd2 42. Rg1 Rd8 43. Be6 Rf8 44. Rg8+ Rxg8 45. Nxg8 Kg7 46. Bc4 c6 47. Ne7
1-0

[Event "Just a big, fast round robin"]
[Site "SchemingMind.com"]
[Date "2008.12.12"]
[Round "-"]
[White "drunkenmaster"]
[Black "staunton64"]
[Result "1-0"]
[WhiteCountry "PHI"]
[BlackCountry "FRA"]
[WhiteElo "1991"]
[WhiteRD "72"]
[BlackElo "1696"]
[BlackRD "71"]
[GameID "183060"]

1. Nf3 c5 2. c4 Nf6 3. Nc3 g6 4. g3 Bg7 5. Bg2 d6 6. O-O O-O 7. a3 Nc6 8. Rb1 Be6 9. d3 a6 10. b4 Rb8
11. bxc5 dxc5 12. Bf4 Rc8 13. Rxb7 Ng4 14. Bd2 Rc7 15. Rxc7 Qxc7 16. h3 Nge5 17. Nxe5 Bxe5 18. f4 Bd4+ 19. e3 Bxc3 20. Bxc3 Qc8
21. Kh2 Qd7 22. Qc2 h6 23. Rb1 Bf5 24. e4 Be6 25. Rb6 Nd4 26. Qb2 Rd8 27. Bxd4 cxd4 28. Rxa6 Kg7 29. a4 f6 30. a5 g5
31. Qb5 Bf7 32. fxg5 hxg5 33. Qxd7 Rxd7 34. Rb6 Ra7 35. a6 Bg6 36. c5 Kf7 37. Bf3 Kg7 38. Bg4 Kh6 39. Kg2 Bf7 40. Bc8 Bc4
41. dxc4 d3 42. Bb7 d2 43. Rb1 g4 44. c6 Kg6 45. c7
1-0

[Event "Just a big, fast round robin"]
[Site "SchemingMind.com"]
[Date "2008.12.12"]
[Round "-"]
[White "acbrasileiro"]
[Black "staunton64"]
[Result "1/2-1/2"]
[WhiteCountry "BRA"]
[BlackCountry "FRA"]
[WhiteElo "1975"]
[WhiteRD "73"]
[BlackElo "1712"]
[BlackRD "64"]
[GameID "183061"]

1. Nf3 c5 2. e3 Nc6 3. d4 cxd4 4. exd4 d5 5. Bd3 Nf6 6. Bg5 Bg4 7. c3 h6 8. Bxf6 gxf6 9. Nbd2 e5 10. dxe5 fxe5
11. Be2 Rg8 12. g3 Qb6 13. Qb3 Qxb3 14. Nxb3 O-O-O 15. Nh4 Be7 16. Bxg4+ Rxg4 17. Nf5 Bf8 18. O-O-O h5 19. Kc2 Rg5 20. Ne3 e4
21. Nd4 Nxd4+ 22. Rxd4 Bc5 23. Rd2 Bxe3 24. fxe3 Kc7 25. Rf1 f5 26. Rfd1 h4 27. gxh4 Rg4 28. Rf1 Rxh4 29. Rxf5 Rdh8 30. Rff2 R8h5
31. Kd1 Kc6 32. Ke1 b5 33. b4 Rg5 34. Rg2 Rhh5 35. Rxg5 Rxg5 36. Kf1 Rf5+ 37. Rf2 Rh5 38. Kg2 Rg5+= 39. Kh1 a6 40. Rg2 Rf5
41. Rg6+ Kb7 42. h4 Rf3 43. Kg2 Rxe3 44. h5 Rxc3 45. Rd6 Rc2+ 46. Kg3 Rc3+ 47. Kg4 e3 48. Rxd5 Rc4+ 49. Kg5 Re4 50. Rd1 e2
51. Re1 Kc6 52. h6 Re7 53. Kf6 Kd6=
1/2-1/2

[Event "Just a big, fast round robin"]
[Site "SchemingMind.com"]
[Date "2008.12.14"]
[Round "-"]
[White "Mitchell-in"]
[Black "Orhany24"]
[Result "0-1"]
[WhiteCountry "ENG"]
[BlackCountry "TUR"]
[WhiteElo "1665"]
[WhiteRD "58"]
[BlackElo "1756"]
[BlackRD "73"]
[GameID "183327"]

1. e4 c5 2. Nf3 Nc6 3. Bb5 a6 4. Bxc6 bxc6 5. O-O d5 6. d3 g6 7. c4 Bg7 8. Nc3 Nf6 9. e5 Ng4 10. Re1 O-O
11. h3 Nh6 12. Qc2 Kh8 13. Bf4 Nf5 14. g4 Nd4 15. Nxd4 cxd4 16. Ne2 c5
0-1

[Event "Just a big, fast round robin"]
[Site "SchemingMind.com"]
[Date "2008.12.14"]
[Round "-"]
[White "Mitchell-in"]
[Black "lacus66"]
[Result "0-1"]
[WhiteCountry "ENG"]
[BlackCountry "HUN"]
[WhiteElo "1665"]
[WhiteRD "58"]
[BlackElo "1688"]
[BlackRD "70"]
[GameID "183328"]

1. e4 e6 2. d4 d5 3. exd5 exd5 4. c4 c6 5. Nc3 Bb4 6. Bd3 Nf6 7. Ne2 O-O 8. O-O dxc4 9. Bxc4 b5 10. Bb3 Bf5
11. Ng3 Bd7 12. Bg5 Be7 13. Rc1 h6 14. Bf4 Na6 15. a3 Nc7 16. Re1 Ne6 17. Be3 Nd5 18. Nxd5 cxd5 19. Bxd5 Ng5 20. Bxa8 Qxa8
21. Rc7 Qd8 22. Rxa7 Bc6 23. f3 Re8 24. b4 Nh7 25. Bf4 Bd6 26. Rxe8+ Bxe8
0-1

[Event "Just a big, fast round robin"]
[Site "SchemingMind.com"]
[Date "2008.12.15"]
[Round "-"]
[White "Mitchell-in"]
[Black "Negrito19"]
[Result "1-0"]
[WhiteCountry "ENG"]
[BlackCountry "ARG"]
[WhiteElo "1779"]
[WhiteRD "60"]
[BlackElo "1630"]
[BlackRD "61"]
[GameID "183329"]

1. d4 d5 2. Nf3 Bg4 3. Ne5 Bh5 4. g4 Bg6 5. h4 f6 6. Nxg6 hxg6 7. Qd3 f5 8. gxf5 Nf6 9. fxg6 e6 10. Bg2 Nc6
11. c3 Ng4 12. Qh3 Nf6 13. Qxe6+ Qe7 14. Qxe7+ Nxe7 15. Bg5 Nxg6 16. Bxf6 gxf6 17. Bxd5 c6 18. Bc4 O-O-O 19. h5 Nf4 20. Nd2 Ng2+
21. Kf1 Nf4 22. e3 Rxh5 23. Rxh5 Nxh5 24. Be6+ Kc7 25. Ke2 Bh6 26. Rh1 Nf4+ 27. exf4 Bxf4 28. Kd3 c5 29. Rh7+ Kb6 30. d5 Ka6
31. Nf3 Bc1 32. b3 b6 33. c4 Rf8 34. Kc2 Bf4 35. Rf7 Rxf7 36. Bxf7 Bc7 37. Kd3 Ka5 38. a3 Bd6 39. Ke4 a6 40. Nh4 b5
41. Nf5 Be5 42. Be8 bxc4 43. bxc4 Bb2 44. d6 Be5 45. d7 Bc7 46. Nd6 Kb6 47. Nf7 Kb7 48. d8=Q Bxd8 49. Nxd8+ Kc7 50. Ne6+ Kd6
51. Kf5 Ke7 52. Bc6 Kd6 53. Bb7 a5 54. Kxf6 Kd7 55. Nxc5+ Kc7 56. Bg2 Kd6 57. Nb7+ Kc7 58. Nxa5 Kb6 59. f4 Kxa5 60. Ke6 Kb6
61. f5 Kc5 62. f6 Kxc4 63. f7 Kb3 64. f8=Q Ka2 65. Qf3 Kb2 66. Kd5 Kc2 67. Kc4 Kb2 68. Qb3+ Kc1 69. Qa2 Kd1 70. Kd3 Kc1
71. Qc2#
1-0

[Event "Just a big, fast round robin"]
[Site "SchemingMind.com"]
[Date "2008.12.15"]
[Round "-"]
[White "Mitchell-in"]
[Black "chessleon"]
[Result "0-1"]
[WhiteCountry "ENG"]
[BlackCountry "NED"]
[WhiteElo "1665"]
[WhiteRD "58"]
[BlackElo "1654"]
[BlackRD "73"]
[GameID "183330"]

1. e4 c5 2. Nf3 e6 3. c3 Nf6 4. e5 Nd5 5. d4 Nc6 6. Bb5 Nc7 7. Bxc6 bxc6 8. O-O cxd4 9. cxd4 c5 10. dxc5 Bxc5
11. Nc3 Ba6 12. Re1 Bb7 13. Be3 Bxe3 14. Rxe3 Nd5 15. Nxd5 Bxd5 16. b3 Qb6 17. Rc1 O-O 18. Ng5 f6
0-1

[Event "Just a big, fast round robin"]
[Site "SchemingMind.com"]
[Date "2008.12.14"]
[Round "-"]
[White "Mitchell-in"]
[Black "drunkenmaster"]
[Result "0-1"]
[WhiteCountry "ENG"]
[BlackCountry "PHI"]
[WhiteElo "1665"]
[WhiteRD "58"]
[BlackElo "1958"]
[BlackRD "72"]
[GameID "183331"]

1. d4 e6 2. c4 f5 3. Nc3 Nf6 4. e4 fxe4 5. g4 h6 6. f3 exf3 7. Bd3 f2+ 8. Kxf2 Bb4 9. Bg6+ Ke7 10. a3 Bxc3
11. bxc3 Rf8 12. Kg2 b6 13. Nf3 Bb7 14. h3 Nxg4 15. d5 Nf6 16. Ne5 d6 17. Nf7 Rxf7
0-1

[Event "Just a big, fast round robin"]
[Site "SchemingMind.com"]
[Date "2008.12.13"]
[Round "-"]
[White "Mitchell-in"]
[Black "acbrasileiro"]
[Result "1/2-1/2"]
[WhiteCountry "ENG"]
[BlackCountry "BRA"]
[WhiteElo "1779"]
[WhiteRD "60"]
[BlackElo "1975"]
[BlackRD "73"]
[GameID "183332"]

1. e4 c5 2. Nf3 e6 3. c3 b6 4. d4 cxd4 5. cxd4 Nf6 6. Bd3 Be7 7. Nc3 Bb7 8. O-O O-O 9. Be3 Bb4 10. Bg5 Be7
11. Re1 Nc6 12. Rc1 h6 13. Bh4 Nh5 14. Bxe7 Qxe7 15. d5 Nb4 16. Bb1 exd5 17. exd5 Qd8 18. a3 Na6 19. Ne5 Nf6 20. Ng4 Nxg4
21. Qxg4 Re8 22. Qf5 g6 23. Qf4 Qg5 24. Qxg5 hxg5 25. Ne4 Kg7 26. Nxg5 Bxd5 27. Be4 Bxe4 28. Nxe4 d5 29. Ng3 Nc5 30. Red1 Rad8
31. b4 Ne6 32. f3=
1/2-1/2

[Event "Just a big, fast round robin"]
[Site "SchemingMind.com"]
[Date "2008.12.14"]
[Round "-"]
[White "Mitchell-in"]
[Black "staunton64"]
[Result "1-0"]
[WhiteCountry "ENG"]
[BlackCountry "FRA"]
[WhiteElo "1779"]
[WhiteRD "60"]
[BlackElo "1712"]
[BlackRD "64"]
[GameID "183333"]

1. e4 c5 2. Nf3 Nc6 3. Bb5 e6 4. Bxc6 bxc6 5. O-O Nf6 6. e5 Nd5 7. c3 Be7 8. d4 cxd4 9. cxd4 Qc7 10. Nc3 f6
11. Nxd5 cxd5 12. Bf4 d6 13. Rc1 Qb6 14. exd6 Bxd6 15. Bxd6 Qxd6 16. Re1 O-O 17. a3= Rb8 18. b4 Ba6 19. Qa4 Bc4 20. Qxa7 Ra8
21. Qc5 Qd7 22. Nd2 Rxa3 23. Nxc4 dxc4 24. Qxc4 Re8 25. b5 Kf7 26. Qc7 Qxc7 27. Rxc7+ Kg6 28. g3 Rd8 29. Rxe6 Rxd4 30. Ree7 Ra1+
31. Kg2 Rb1 32. Rxg7+ Kf5 33. Rxh7 Rd2 34. Rc5+ Ke6 35. Rc6+ Kf5 36. Rh5+ Kg6 37. Rh4 Rxb5 38. Rf4 Rf5 39. Rxf5 Kxf5 40. Rc5+ Kg6
41. h4 Re2 42. Kf3 Ra2 43. Rc3 Rb2= 44. g4 Rb6 45. Kg3 Rb4 46. f4 Rb1 47. h5+ Kg7 48. Rc7+ Kh6 49. Rc6 Rb3+ 50. Kh4 Kg7
51. h6+ Kxh6 52. Rxf6+ Kg7 53. Kg5 Rb5+ 54. f5 Rb4 55. Ra6 Rc4 56. Ra7+ Kf8 57. f6 Rc5+ 58. Kg6 Rc8 59. g5 Kg8 60. Re7 Kf8
61. Rh7 Ke8 62. Rh8+ Kd7 63. Rxc8
1-0

[Event "Just a big, fast round robin"]
[Site "SchemingMind.com"]
[Date "2008.12.14"]
[Round "-"]
[White "Orhany24"]
[Black "Mitchell-in"]
[Result "1-0"]
[WhiteCountry "TUR"]
[BlackCountry "ENG"]
[WhiteElo "1756"]
[WhiteRD "73"]
[BlackElo "1665"]
[BlackRD "58"]
[GameID "183334"]

1. e4 c6 2. d4 d5 3. exd5 cxd5 4. c4 Nf6 5. a3 Nc6 6. Be3 Bf5 7. Nc3 e6 8. Bd3 Bxd3 9. Qxd3 dxc4 10. Qxc4 Be7
11. Nf3 O-O 12. O-O Rc8 13. Qb3 Na5 14. Qd1 Nc4 15. Qb3 b6 16. Rac1 Nxe3 17. fxe3 Nd5 18. Nxd5 Qxd5 19. Qxd5 exd5 20. Ne5
1-0

[Event "Just a big, fast round robin"]
[Site "SchemingMind.com"]
[Date "2008.12.14"]
[Round "-"]
[White "lacus66"]
[Black "Mitchell-in"]
[Result "1-0"]
[WhiteCountry "HUN"]
[BlackCountry "ENG"]
[WhiteElo "1688"]
[WhiteRD "70"]
[BlackElo "1665"]
[BlackRD "58"]
[GameID "183335"]

1. d4 d5 2. e4 c6 3. Nc3 dxe4 4. Nxe4 Nf6 5. Nxf6+ gxf6 6. Be3 Bf5 7. g4 Bg6 8. f4 f5 9. g5 h6 10. Nf3 Nd7
11. h4 hxg5 12. fxg5 e6 13. Ne5 Nxe5 14. dxe5 Qa5+ 15. Qd2 Qxe5 16. c3 Rd8 17. Qe2 Bc5 18. Bxc5 Qxe2+ 19. Bxe2 b6 20. Bd4 Rg8
21. O-O-O c5 22. Be5
1-0

[Event "Just a big, fast round robin"]
[Site "SchemingMind.com"]
[Date "2008.12.15"]
[Round "-"]
[White "Negrito19"]
[Black "Mitchell-in"]
[Result "1-0"]
[WhiteCountry "ARG"]
[BlackCountry "ENG"]
[WhiteElo "1630"]
[WhiteRD "61"]
[BlackElo "1779"]
[BlackRD "60"]
[GameID "183336"]

1. e4 e5 2. Nf3 Nc6 3. Bb5 f5 4. d3 Nf6 5. Bg5 fxe4 6. dxe4 Bc5 7. Nc3 d6 8. h3 h6 9. Bxf6 Qxf6 10. Nd5 Qd8
11. b4 Bb6 12. a4 a6 13. Bc4 Ba7 14. b5 Na5 15. Bd3 c6 16. bxc6 bxc6 17. Nb4 Bxf2+ 18. Kxf2 Qb6+ 19. Ke2 Qxb4 20. Qd2 Qxd2+
21. Nxd2 Be6 22. Rab1 Kd7 23. c4 Rab8 24. Rbc1 Rb4 25. c5 d5 26. exd5 cxd5 27. Bxa6 Rxa4 28. Bb5+ Kc7 29. Bxa4 e4 30. c6 Ra8
31. Ra1 g5 32. Rhc1
1-0

[Event "Just a big, fast round robin"]
[Site "SchemingMind.com"]
[Date "2008.12.15"]
[Round "-"]
[White "chessleon"]
[Black "Mitchell-in"]
[Result "1/2-1/2"]
[WhiteCountry "NED"]
[BlackCountry "ENG"]
[WhiteElo "1637"]
[WhiteRD "72"]
[BlackElo "1733"]
[BlackRD "59"]
[GameID "183337"]

1. c4 e6 2. d4 d5 3. Nf3 Nf6 4. g3 Be7 5. Bg2 O-O 6. Qc2 a6 7. O-O dxc4 8. Qxc4 b5 9. Qc2 Bb7 10. Bf4 Bd6
11. Bxd6 cxd6 12. Nbd2 Nbd7 13. e4 Rc8 14. Qd3 e5 15. d5 Nc5 16. Qe2 Rb8 17. b4 Na4 18. Rac1 Qe7 19. Rc2 Ne8 20. Rfc1 f5
21. Nh4 fxe4 22. Bxe4 Nf6 23. Nf5 Qd8 24. Rc7 Rf7 25. Rxf7 Kxf7=
1/2-1/2

[Event "Just a big, fast round robin"]
[Site "SchemingMind.com"]
[Date "2008.12.14"]
[Round "-"]
[White "drunkenmaster"]
[Black "Mitchell-in"]
[Result "1-0"]
[WhiteCountry "PHI"]
[BlackCountry "ENG"]
[WhiteElo "1958"]
[WhiteRD "72"]
[BlackElo "1665"]
[BlackRD "58"]
[GameID "183338"]

1. e4 c6 2. d4 d5 3. exd5 cxd5 4. Bd3 Nf6 5. c3 Nc6 6. Bf4 Bg4 7. Qb3 Qd7 8. Nd2 e6 9. Ngf3 Be7 10. h3 Bh5
11. O-O O-O 12. Rfe1 b6 13. Re3 Bd6 14. Bxd6 Qxd6 15. Rae1 h6 16. Ne5 Nd7 17. g4
1-0

[Event "Just a big, fast round robin"]
[Site "SchemingMind.com"]
[Date "2008.12.14"]
[Round "-"]
[White "acbrasileiro"]
[Black "Mitchell-in"]
[Result "0-1"]
[WhiteCountry "BRA"]
[BlackCountry "ENG"]
[WhiteElo "1922"]
[WhiteRD "77"]
[BlackElo "1733"]
[BlackRD "59"]
[GameID "183339"]

1. d4 d5 2. e3 Nf6 3. Nf3 g6 4. c4 Bg7 5. b4 O-O 6. Nc3 b6 7. c5 a5 8. cxb6 axb4 9. bxc7 Qxc7 10. Na4 Qa5
11. Qb3 Qxa4 12. Qxa4 Rxa4 13. Bd2 b3 14. Bc3 Rxa2 15. Rxa2 bxa2 16. Bd3 Nc6 17. O-O Bg4 18. Nd2 e6 19. Ra1 Ra8 20. f3 Bf5
21. e4 dxe4 22. fxe4 Nxe4 23. Nxe4 Nxd4 24. Kf2 Nb3 25. Bxg7 Kxg7
0-1